[Event "Junior Online 4NCL Division 5"]
[Site "online"]
[Date "2021.01.21"]
[Round "1.233"]
[White "Barrio Lopez, Carlos"]
[Black "Edwards, Zachary"]
[Result "0-1"]
[WhiteElo "918"]
[BlackElo "823"]
[PlyCount "112"]
[EventDate "2021.01.21"]
[WhiteTeam "Ojays H"]
[BlackTeam "Surrey Kings 5"]

1. e4 e5 2. Nf3 Nc6 3. Bc4 Nf6 4. Nc3 d6 5. d3 Bg4 6. h3 Be6 7. Bxe6 fxe6 8.
Bg5 h6 9. Be3 d5 10. exd5 Nxd5 11. Nxe5 Nxe3 12. fxe3 Nxe5 13. e4 Qg5 14. d4
Nc4 15. O-O Ne3 16. Qd3 Nxf1 17. Qb5+ Qxb5 18. Nxb5 Bd6 19. e5 Bb4 20. Kxf1 c6
21. Nc7+ Kd7 22. Nxa8 Rxa8 23. d5 cxd5 24. c3 Bc5 25. b4 Rf8+ 26. Ke2 Rf2+ 27.
Kd3 Bb6 28. Re1 Rxa2 29. Re3 Bxe3 30. Kxe3 Rxg2 31. Kd4 g5 32. c4 dxc4 33. Kxc4
Rb2 34. b5 a6 35. Kc3 Rxb5 36. Kd4 a5 37. Kc4 Kc6 38. Kc3 a4 39. Kd4 a3 40. Ke4
a2 41. Kf3 a1=Q 42. Kg4 Qxe5 43. Kh5 Qf6 44. Kg4 h5+ 45. Kxh5 Qf4 46. Kg6 Qf5+
47. Kh5 Qxh3+ 48. Kg6 Qf5+ 49. Kh5 Rb4 50. Kh6 Rh4+ 51. Kg7 Qh7+ 52. Kf6 Kd6
53. Kxg5 Qh5+ 54. Kf6 Rf4+ 55. Kg7 Qg5+ 56. Kh7 Rh4# 0-1

[Event "Junior Online 4NCL Division 5"]
[Site "online"]
[Date "2021.01.21"]
[Round "1.235"]
[White "Liu, Reuben"]
[Black "Barrio, Ricardo"]
[Result "1-0"]
[WhiteElo "840"]
[BlackElo "1075"]
[PlyCount "91"]
[EventDate "2021.01.21"]
[WhiteTeam "Surrey Kings 5"]
[BlackTeam "Ojays H"]

1. e4 c5 2. Nf3 d6 3. Bc4 Nf6 4. O-O g6 5. Bb5+ Nc6 6. Ng5 Bh6 7. Nxf7 Kxf7 8.
Bc4+ Ke8 9. d3 Kf8 10. Bxh6+ Ke8 11. Bg7 Rg8 12. Bxf6 Rf8 13. Bxe7 Qxe7 14. Nc3
Qg5 15. Nd5 Bh3 16. g3 Kd7 17. f4 Qe7 18. Nxe7 Nxe7 19. Rf3 h5 20. Bb5+ Kd8 21.
f5 gxf5 22. exf5 Bxf5 23. g4 hxg4 24. Rh3 gxh3 25. Qf3 Rg8+ 26. Kh1 Nd5 27.
Qxd5 Bg4 28. Qxg8+ Kc7 29. Qxa8 Bf3+ 30. Kg1 Kb6 31. Be8 Ka5 32. Rf1 Kb4 33.
Rxf3 c4 34. dxc4 Kxc4 35. Rc3+ Kd4 36. Qxb7 Ke5 37. Qxa7 Kf4 38. Qf7+ Ke4 39.
Qf3+ Ke5 40. Qxh3 Kd5 41. Qh5+ Ke6 42. Re3+ Kf6 43. Qh8+ Kf5 44. Qf8+ Kg5 45.
Rg3+ Kh4 46. Qh6# 1-0

[Event "Junior Online 4NCL Division 5"]
[Site "online"]
[Date "2021.01.21"]
[Round "1.236"]
[White "Conlon, George"]
[Black "Song, Meilin"]
[Result "1/2-1/2"]
[WhiteElo "925"]
[BlackElo "910"]
[PlyCount "46"]
[EventDate "2021.01.21"]
[WhiteTeam "Ojays H"]
[BlackTeam "Surrey Kings 5"]

1. e4 e5 2. Nf3 Nc6 3. Bc4 Nf6 4. d4 exd4 5. e5 Ng4 6. Nxd4 Nxd4 7. Qxg4 d6 8.
Qxd4 dxe5 9. Bxf7+ Ke7 10. Qxd8+ Kxd8 11. O-O Bf5 12. Rd1+ Kc8 13. Be8 Bxc2 14.
Bd7+ Kb8 15. Rd2 Bxb1 16. Rxb1 Bb4 17. Rd5 Bd6 18. Bg5 Rf8 19. Bg4 h6 20. Bh4
g5 21. Bg3 Rd8 22. Rbd1 c6 23. R5d2 Kc7 1/2-1/2

[Event "Junior Online 4NCL Division 5"]
[Site "online"]
[Date "2021.01.21"]
[Round "1.237"]
[White "Edwards, Zachary"]
[Black "Barrio Lopez, Carlos"]
[Result "1-0"]
[WhiteElo "823"]
[BlackElo "918"]
[PlyCount "69"]
[EventDate "2021.01.21"]
[WhiteTeam "Surrey Kings 5"]
[BlackTeam "Ojays H"]

1. e4 e5 2. Nf3 Nc6 3. Nc3 Nf6 4. d4 exd4 5. Nxd4 Nxd4 6. Qxd4 b6 7. Bg5 Bc5 8.
Bxf6 gxf6 9. Qd3 d6 10. Qf3 f5 11. Qh5 Rf8 12. Qxh7 Qg5 13. g3 Qe3+ 14. fxe3
Bxe3 15. Qxf5 Bxf5 16. exf5 Rg8 17. Nd5 Bd4 18. Nxc7+ Kd8 19. Nxa8 Re8+ 20. Be2
Re3 21. O-O Rxe2+ 22. Kh1 Bxb2 23. Rae1 Rxc2 24. Rf3 Bd4 25. a3 b5 26. Re4 Rc1+
27. Kg2 Rc2+ 28. Kh3 Kc8 29. Rxd4 Kb7 30. Rxd6 Kb8 31. Rd7 Kxa8 32. Re3 Rc8 33.
Ree7 a6 34. Ra7+ Kb8 35. Reb7# 1-0

[Event "Junior Online 4NCL Division 5"]
[Site "online"]
[Date "2021.01.21"]
[Round "1.238"]
[White "Simon, Logan"]
[Black "Ambrose, Daniel"]
[Result "0-1"]
[WhiteElo "900"]
[BlackElo "804"]
[PlyCount "122"]
[EventDate "2021.01.21"]
[WhiteTeam "Ojays H"]
[BlackTeam "Surrey Kings 5"]

1. e4 e6 2. Bb5 Qf6 3. Bxd7+ Bxd7 4. f3 Bc5 5. Ne2 Qh4+ 6. Ng3 Bb5 7. d4 Bb6 8.
Nc3 a6 9. Nxb5 axb5 10. O-O Bxd4+ 11. Qxd4 g5 12. Ne2 f6 13. g3 Qh5 14. g4 Qh3
15. Rf2 Nh6 16. Qxf6 Rf8 17. Qg7 Nd7 18. Bd2 Rf7 19. Qh8+ Nf8 20. Bb4 Kd7 21.
Qd4+ Kc6 22. Qc5+ Kd7 23. Nf4 Qh4 24. Ng2 Qh3 25. Ne3 Ng6 26. Qxg5 Nf4 27.
Qxb5+ c6 28. Qa4 Rxa4 29. b3 Rxb4 30. a3 Rd4 31. Nc4 Rd2 32. Rxd2+ Ke7 33. Nb6
e5 34. g5 Ng8 35. Nc8+ Qxc8 36. g6 hxg6 37. a4 Rh7 38. a5 Qh3 39. Rad1 Nf6 40.
Kh1 N6h5 41. Kg1 Nf6 42. Kf2 Qxh2+ 43. Ke3 Qg3 44. Rf2 Rh2 45. Rff1 Rf2 46.
Rxf2 Nd7 47. Rh1 Nc5 48. Rh7+ Ke6 49. Rxb7 Nxb7 50. a6 Nc5 51. a7 Ng2+ 52. Ke2
g5 53. a8=Q Kd6 54. Qb8+ Ke7 55. f4 exf4 56. b4 Qe3+ 57. Kf1 f3 58. Kg1 Nxe4
59. c4 Qxf2+ 60. Kh2 Nf4+ 61. Kh1 Ng3# 0-1

[Event "Junior Online 4NCL Division 5"]
[Site "online"]
[Date "2021.01.21"]
[Round "1.241"]
[White "Jackson, Joel"]
[Black "Poon, Evan"]
[Result "0-1"]
[WhiteElo "813"]
[BlackElo "1269"]
[PlyCount "56"]
[EventDate "2021.01.21"]
[WhiteTeam "Dragon Kings 2"]
[BlackTeam "KEGS B"]

1. d4 d5 2. Bf4 Nc6 3. e3 Bf5 4. Bd3 Bxd3 5. Qxd3 Nf6 6. c3 e6 7. Nf3 Bd6 8.
Nbd2 Bxf4 9. exf4 Qd6 10. g3 O-O-O 11. O-O Rdg8 12. b3 h6 13. c4 g5 14. cxd5
Nxd5 15. Ne4 Qe7 16. Ne5 Nxe5 17. dxe5 gxf4 18. Nf6 Nxf6 19. exf6 Qxf6 20. Qe4
fxg3 21. hxg3 Qg5 22. Qf4 Qxf4 23. a4 h5 24. Kh2 Qd6 25. f4 h4 26. Kh3 hxg3+
27. Kg2 Rh2+ 28. Kf3 Qd3# 0-1

[Event "Junior Online 4NCL Division 5"]
[Site "online"]
[Date "2021.01.21"]
[Round "1.242"]
[White "Badhrinath, Adhvaith B"]
[Black "Choy, Thomas"]
[Result "1-0"]
[WhiteElo "1165"]
[BlackElo "800"]
[PlyCount "73"]
[EventDate "2021.01.21"]
[WhiteTeam "KEGS B"]
[BlackTeam "Dragon Kings 2"]

1. e4 e5 2. Nf3 d6 3. Nc3 Be6 4. d4 exd4 5. Nxd4 Bd7 6. Bc4 b5 7. Ndxb5 a6 8.
Nd4 Nf6 9. Bg5 h6 10. Bh4 g5 11. Bg3 h5 12. h3 Be7 13. O-O O-O 14. Nf5 Bxf5 15.
exf5 g4 16. hxg4 hxg4 17. Nd5 Nxd5 18. Qxg4+ Bg5 19. Bxd5 Nd7 20. Bxa8 Nb6 21.
Be4 Nd7 22. Bf4 Re8 23. Rfe1 f6 24. Bxg5 fxg5 25. Qh5 Rxe4 26. Rxe4 g4 27.
Rxg4+ Kf8 28. Qh8+ Kf7 29. Qxd8 Nf6 30. Qxc7+ Kf8 31. Qg7+ Ke8 32. Re1+ Ne4 33.
Rexe4+ Kd8 34. Qf6+ Kc7 35. Rc4+ Kd7 36. Rg7+ Ke8 37. Rc8# 1-0

[Event "Junior Online 4NCL Division 5"]
[Site "online"]
[Date "2021.01.21"]
[Round "1.244"]
[White "Gould, Charlie"]
[Black "Tipton, Daniel"]
[Result "1-0"]
[WhiteElo "1053"]
[BlackElo "708"]
[PlyCount "75"]
[EventDate "2021.01.21"]
[WhiteTeam "KEGS B"]
[BlackTeam "Dragon Kings 2"]

1. e4 e5 2. Nf3 Nc6 3. Nc3 Nf6 4. Bc4 Bd6 5. d3 O-O 6. O-O Ng4 7. h3 Nf6 8. Bg5
Bc5 9. a3 h6 10. Bxf6 Qxf6 11. b4 Re8 12. bxc5 Na5 13. Nd5 Qa6 14. Nxc7 b6 15.
Nxa6 Bxa6 16. Bxa6 Nc6 17. Bb5 Na5 18. Bxd7 Red8 19. Nxe5 Nc6 20. Nxc6 Rxd7 21.
Ne5 Re7 22. Nc6 Rc7 23. Qf3 Rxc6 24. e5 Rxc5 25. Qxa8+ Kh7 26. Qxa7 Rxe5 27.
Qxb6 Re6 28. Qxe6 fxe6 29. Rfe1 g5 30. Rxe6 g4 31. hxg4 Kg7 32. a4 Kf7 33. Rxh6
Ke7 34. Rb1 Kd7 35. a5 Kc7 36. a6 Kc8 37. Rb7 Kd8 38. Rh8# 1-0

[Event "Junior Online 4NCL Division 5"]
[Site "online"]
[Date "2021.01.21"]
[Round "1.245"]
[White "Poon, Evan"]
[Black "Jackson, Joel"]
[Result "1-0"]
[WhiteElo "1269"]
[BlackElo "813"]
[PlyCount "73"]
[EventDate "2021.01.21"]
[WhiteTeam "KEGS B"]
[BlackTeam "Dragon Kings 2"]

1. e4 e5 2. Nf3 Nf6 3. Nc3 Nc6 4. Bc4 Bb4 5. d3 d5 6. exd5 Nxd5 7. Bd2 Nxc3 8.
Bxc3 Bxc3+ 9. bxc3 Be6 10. Bb3 Bxb3 11. cxb3 b5 12. c4 bxc4 13. dxc4 Qxd1+ 14.
Rxd1 Rd8 15. Rxd8+ Nxd8 16. Nxe5 f6 17. Nf3 O-O 18. O-O Nc6 19. Rd1 Nb4 20. a3
Nc2 21. a4 Nb4 22. h3 g5 23. Rd7 Na6 24. Nd4 Re8 25. Nb5 Re1+ 26. Kh2 Rb1 27.
Nxc7 Nxc7 28. Rxc7 Rxb3 29. Rxa7 Rb4 30. a5 Rxc4 31. a6 Rc6 32. Ra8+ Kf7 33. a7
Rc7 34. Rf8+ Kxf8 35. a8=Q+ Ke7 36. Qe4+ Kf7 37. Qxh7+ 1-0

[Event "Junior Online 4NCL Division 5"]
[Site "online"]
[Date "2021.01.21"]
[Round "1.246"]
[White "Choy, Thomas"]
[Black "Badhrinath, Adhvaith B"]
[Result "0-1"]
[WhiteElo "800"]
[BlackElo "1165"]
[PlyCount "50"]
[EventDate "2021.01.21"]
[WhiteTeam "Dragon Kings 2"]
[BlackTeam "KEGS B"]

1. e4 e5 2. Bc4 Nc6 3. Qf3 Nf6 4. Qe3 b6 5. Nc3 Bc5 6. Qe2 Nd4 7. Qd3 O-O 8.
Nh3 Bb7 9. Ng5 d5 10. Bb3 dxe4 11. Ngxe4 Nxe4 12. Nxe4 Nxb3 13. Qxb3 Bxe4 14.
Qe3 Bxg2 15. Rg1 Bxe3 16. fxe3 Qh4+ 17. Ke2 Qxh2 18. Rxg2 Qxg2+ 19. Kd3 Rad8+
20. Kc4 Qd5+ 21. Kc3 b5 22. d4 exd4+ 23. exd4 Qxd4+ 24. Kb3 Qc4+ 25. Ka3 Qa4#
0-1

[Event "Junior Online 4NCL Division 5"]
[Site "online"]
[Date "2021.01.21"]
[Round "1.248"]
[White "Tipton, Daniel"]
[Black "Gould, Charlie"]
[Result "1-0"]
[WhiteElo "708"]
[BlackElo "1053"]
[PlyCount "128"]
[EventDate "2021.01.21"]
[WhiteTeam "Dragon Kings 2"]
[BlackTeam "KEGS B"]

1. e4 e5 2. Qf3 Nf6 3. Nc3 Nc6 4. Qd3 Bb4 5. b3 d6 6. Nb5 a6 7. Nxd6+ cxd6 8.
a3 Bc5 9. b4 Bd4 10. Bb2 Bxb2 11. Rb1 Bd4 12. f4 exf4 13. Nh3 f3 14. gxf3 O-O
15. c3 h6 16. cxd4 a5 17. bxa5 Rxa5 18. e5 dxe5 19. dxe5 Nxe5 20. Qxd8 Rxd8 21.
d3 Nxf3+ 22. Kf2 Rf5 23. Bg2 Nd2+ 24. Ke2 Nxb1 25. Rxb1 Re8+ 26. Be4 Rfe5 27.
Nf4 Bg4+ 28. Kf2 Nxe4+ 29. dxe4 Be2 30. Nxe2 Rxe4 31. Ng3 Re2+ 32. Nxe2 Rf8 33.
Rxb7 f5 34. Nd4 f4 35. h3 f3 36. Nxf3 g5 37. Rb4 Kg7 38. Rb7+ Kg6 39. Rb5 h5
40. Rxg5+ Kh6 41. a4 Rxf3+ 42. Kxf3 Kxg5 43. a5 Kh4 44. a6 Kxh3 45. a7 h4 46.
a8=Q Kh2 47. Qb7 h3 48. Qa8 Kg1 49. Qc6 h2 50. Qb7 h1=Q+ 51. Kg4 Qxb7 52. Kf5
Qb4 53. Ke5 Kf2 54. Kd5 Ke3 55. Ke5 Qe4+ 56. Kd6 Kd4 57. Kc7 Kc5 58. Kd7 Kd5
59. Kc7 Qe6 60. Kb7 Kc5 61. Kc7 Qc6+ 62. Kb8 Kb5 63. Ka7 Qb6+ 64. Ka8 Qc7 1-0

[Event "Junior Online 4NCL Division 5"]
[Site "online"]
[Date "2021.01.21"]
[Round "1.251"]
[White "Avezbakiev, Tom"]
[Black "Feldman, Joshua"]
[Result "1-0"]
[WhiteElo "1068"]
[BlackElo "753"]
[PlyCount "61"]
[EventDate "2021.01.21"]
[WhiteTeam "Maidenhead Juniors 4"]
[BlackTeam "Eden Primary Knights"]

1. e4 e5 2. Nf3 Nc6 3. Bc4 Nf6 4. d3 Bb4+ 5. Nc3 Bxc3+ 6. bxc3 O-O 7. Ba3 d6 8.
O-O Na5 9. Bd5 Nxd5 10. exd5 Bg4 11. h3 Bxf3 12. Qxf3 c6 13. dxc6 bxc6 14. Bc1
Nb7 15. Qg3 Nc5 16. Bh6 g6 17. Bxf8 Qxf8 18. Qf3 Ne6 19. Qxc6 Rc8 20. Qe4 Ng5
21. Qe3 Ne6 22. Rab1 Nf4 23. Rb2 Rb8 24. Rxb8 Qxb8 25. d4 Qe8 26. dxe5 dxe5 27.
Re1 a5 28. Qxf4 Qb5 29. Qf6 a4 30. Rd1 Qb6 31. Qxb6 1-0

[Event "Junior Online 4NCL Division 5"]
[Site "online"]
[Date "2021.01.21"]
[Round "1.253"]
[White "Patel, Thilak"]
[Black "Lasserson, Gabriel"]
[Result "0-1"]
[WhiteElo "1023"]
[BlackElo "774"]
[PlyCount "62"]
[EventDate "2021.01.21"]
[WhiteTeam "Maidenhead Juniors 4"]
[BlackTeam "Eden Primary Knights"]

1. e4 e5 2. Nf3 Nc6 3. Nc3 Nf6 4. Bc4 d6 5. O-O Be6 6. Bxe6 fxe6 7. d3 Be7 8.
Be3 O-O 9. Rc1 Ng4 10. Bd2 Bh4 11. Nxh4 Qxh4 12. h3 Rxf2 13. Be3 Nxe3 14. Rxf2
Nxd1 15. Nxd1 Qg5 16. Rb1 h6 17. b4 Nd4 18. c3 Nc6 19. b5 Ne7 20. Nb2 Ng6 21.
Na4 Qh5 22. g4 Qh4 23. b6 cxb6 24. Rbf1 Rf8 25. d4 Qg3+ 26. Rg2 Qe3+ 27. Rff2
Qe1+ 28. Rf1 Rxf1+ 29. Kh2 Nf4 30. Rg3 Qe2+ 31. Rg2 Qxg2# 0-1

[Event "Junior Online 4NCL Division 5"]
[Site "online"]
[Date "2021.01.21"]
[Round "1.254"]
[White "Book, Zachery"]
[Black "Adhikari, Aanya"]
[Result "0-1"]
[WhiteElo "792"]
[BlackElo "1015"]
[PlyCount "42"]
[EventDate "2021.01.21"]
[WhiteTeam "Eden Primary Knights"]
[BlackTeam "Maidenhead Juniors 4"]

1. e4 e5 2. Bc4 Nf6 3. Nc3 Nc6 4. Nf3 Bc5 5. O-O O-O 6. Na4 Be7 7. Nc3 d6 8. d3
Bg4 9. Bg5 h6 10. Be3 Qd7 11. Nh4 Bxd1 12. Rfxd1 Ng4 13. f3 Nxe3 14. Re1 Nxc4
15. dxc4 Bxh4 16. g3 Bf6 17. f4 exf4 18. gxf4 Bd4+ 19. Kf1 Qh3+ 20. Ke2 Qe3+
21. Kf1 Qf2# 0-1

[Event "Junior Online 4NCL Division 5"]
[Site "online"]
[Date "2021.01.21"]
[Round "1.255"]
[White "Feldman, Joshua"]
[Black "Avezbakiev, Tom"]
[Result "0-1"]
[WhiteElo "753"]
[BlackElo "1068"]
[PlyCount "26"]
[EventDate "2021.01.21"]
[WhiteTeam "Eden Primary Knights"]
[BlackTeam "Maidenhead Juniors 4"]

1. e4 e5 2. Nf3 Nc6 3. Nc3 Nf6 4. Bc4 Bc5 5. O-O d6 6. d3 Bg4 7. Bg5 Nd4 8. Nh4
Bxd1 9. Rfxd1 h6 10. Be3 Ng4 11. Bg5 Qxg5 12. Nf3 Nxf3+ 13. gxf3 Ne3+ 0-1

[Event "Junior Online 4NCL Division 5"]
[Site "online"]
[Date "2021.01.21"]
[Round "1"]
[White "Sridhar, Siddarth Iyer"]
[Black "Querfurth Waterman, Maya"]
[Result "1-0"]
[WhiteElo "1057"]
[BlackElo "742"]
[PlyCount "45"]
[EventDate "2021.01.21"]
[WhiteTeam "Maidenhead Juniors 4"]
[BlackTeam "Eden Primary Knights"]

1. e4 e5 2. Nf3 Nc6 3. Bc4 Nf6 4. Ng5 d5 5. exd5 Nb4 6. d6 Be6 7. Bxe6 Qxd6 8.
Bxf7+ Ke7 9. Bb3 g6 10. Nf7 Qc6 11. O-O Nxc2 12. Nxh8 Nxa1 13. Nc3 Nxb3 14.
Qxb3 Qb6 15. Qf7+ Kd6 16. Qxf6+ Kc5 17. Na4+ Kb5 18. Nxb6 axb6 19. Qxe5+ Kb4
20. a3+ Kb3 21. Qc3+ Ka2 22. b4 Kb1 23. Qb2# 1-0

[Event "Junior Online 4NCL Division 5"]
[Site "online"]
[Date "2021.01.21"]
[Round "1.2"]
[White "Adhikari, Aanya"]
[Black "Book, Zachery"]
[Result "1-0"]
[WhiteElo "1015"]
[BlackElo "792"]
[PlyCount "57"]
[EventDate "2021.01.21"]
[WhiteTeam "Maidenhead Juniors 4"]
[BlackTeam "Eden Primary Knights"]

1. e4 e6 2. Nf3 Bc5 3. Nc3 Nf6 4. d4 Bb4 5. Bg5 Bd6 6. e5 Nh5 7. Bxd8 Kxd8 8.
exd6 cxd6 9. Qd2 f5 10. Qg5+ Kc7 11. Qxh5 g6 12. Qh3 h5 13. g3 g5 14. Qg2 e5
15. Nxg5 Rg8 16. Nf3 e4 17. Nd2 f4 18. Nd5+ Kc6 19. Ne7+ Kb6 20. Nxg8 Nc6 21.
Qxe4 Nb4 22. a3 Nxc2+ 23. Qxc2 d5 24. Qb3+ Kc6 25. Rc1+ Kd6 26. Qb4+ Ke6 27.
Qe7+ Kf5 28. Qf6+ Kg4 29. Nh6# 1-0

[Event "Junior Online 4NCL Division 5"]
[Site "online"]
[Date "2021.01.21"]
[Round "1.5"]
[White "O/^Donnell, Donal"]
[Black "Vyas, Miraya"]
[Result "0-1"]
[WhiteElo "700"]
[BlackElo "1040"]
[PlyCount "58"]
[EventDate "2021.01.21"]
[WhiteTeam "St. Laurence's BNS 2"]
[BlackTeam "Leeds Juniors 3"]

1. e4 d5 2. Nc3 d4 3. Nb5 Nf6 4. d3 e5 5. Nf3 Nc6 6. Be2 a6 7. O-O axb5 8. b3
Be6 9. Bg5 Be7 10. Bh4 O-O 11. Bg3 Nh5 12. Bxe5 Nxe5 13. Nxe5 f6 14. Nc6 bxc6
15. Bxh5 f5 16. e5 Qd5 17. Qe2 f4 18. a3 Rf5 19. Bf3 Qc5 20. b4 Qb6 21. Qe4 Rd8
22. Rac1 c5 23. c4 bxc4 24. Rxc4 Rd5 25. a4 Rdxe5 26. Qa8+ Kf7 27. b5 Bxc4 28.
dxc4 Qe6 29. Re1 Rxe1# 0-1

[Event "Junior Online 4NCL Division 5"]
[Site "online"]
[Date "2021.01.21"]
[Round "1.6"]
[White "Birolo, Enzo Bez"]
[Black "Friel, Daniel"]
[Result "1-0"]
[WhiteElo "987"]
[BlackElo "700"]
[PlyCount "69"]
[EventDate "2021.01.21"]
[WhiteTeam "Leeds Juniors 3"]
[BlackTeam "St. Laurence's BNS 2"]

1. d4 d5 2. Bf4 c6 3. e3 Nf6 4. c3 Bf5 5. Nd2 Na6 6. Ngf3 Nb8 7. g3 Bg6 8. Bg2
e6 9. Nb3 Bh5 10. O-O g6 11. Be5 Bg7 12. Nc5 Nfd7 13. Bxg7 Rg8 14. Nxd7 Qxd7
15. Be5 Bxf3 16. Qxf3 h5 17. b3 Qe7 18. Qf6 Qxf6 19. Bxf6 Nd7 20. Be5 Nxe5 21.
dxe5 O-O-O 22. Rfd1 Rgf8 23. c4 f6 24. cxd5 cxd5 25. exf6 Rxf6 26. Rdc1+ Kb8
27. a4 d4 28. exd4 Rxd4 29. a5 Rd2 30. Rcb1 Rfxf2 31. Be4 Rxh2 32. Rd1 Rdg2+
33. Bxg2 h4 34. Rac1 hxg3 35. Rd8# 1-0

[Event "Junior Online 4NCL Division 5"]
[Site "online"]
[Date "2021.01.21"]
[Round "1.7"]
[White "Tully, Eoin"]
[Black "Bharathidasan Vidhya, Shravan"]
[Result "0-1"]
[WhiteElo "700"]
[BlackElo "962"]
[PlyCount "54"]
[EventDate "2021.01.21"]
[WhiteTeam "St. Laurence's BNS 2"]
[BlackTeam "Leeds Juniors 3"]

1. e4 c6 2. Nf3 d5 3. exd5 cxd5 4. Nc3 d4 5. Na4 Nc6 6. b3 e5 7. Bc4 e4 8. Ng1
Bd6 9. Nh3 Bxh3 10. gxh3 Nf6 11. d3 O-O 12. dxe4 Nxe4 13. Bd5 Re8 14. Bxc6 Nc3+
15. Kd2 Nxd1 16. Kxd1 Re6 17. Bxb7 Rb8 18. Bd5 Re5 19. Bc4 Qh4 20. Rg1 Qxf2 21.
Rf1 Qxh2 22. Rxf7 Qg1+ 23. Rf1+ Kh8 24. Rxg1 Rbe8 25. Kd2 Bb4+ 26. Kd3 Rd8 27.
Bb2 Re3# 0-1

[Event "Junior Online 4NCL Division 5"]
[Site "online"]
[Date "2021.01.21"]
[Round "1.8"]
[White "Braunstein, Yael"]
[Black "O/^Brien, Robbie"]
[Result "1-0"]
[WhiteElo "800"]
[BlackElo "696"]
[PlyCount "49"]
[EventDate "2021.01.21"]
[WhiteTeam "Leeds Juniors 3"]
[BlackTeam "St. Laurence's BNS 2"]

1. d4 d5 2. c4 dxc4 3. Nc3 Nf6 4. e4 Nc6 5. Nf3 Bg4 6. Be3 Bxf3 7. gxf3 e6 8.
Bxc4 Bb4 9. Rg1 O-O 10. Qd2 a6 11. Bh6 Nh5 12. Rg5 g6 13. Bxf8 Qxf8 14. Rg1 b5
15. Bd3 Nxd4 16. Qe3 Qd8 17. a3 Bxc3+ 18. bxc3 Nb3 19. Rd1 c5 20. Bc4 Qa5 21.
Bxb3 Qxa3 22. Bc2 Qb2 23. Bb1 b4 24. cxb4 Qxb4+ 25. Qd2 1-0

[Event "Junior Online 4NCL Division 5"]
[Site "online"]
[Date "2021.01.21"]
[Round "1.9"]
[White "Vyas, Miraya"]
[Black "O/^Donnell, Donal"]
[Result "1-0"]
[WhiteElo "1040"]
[BlackElo "700"]
[PlyCount "49"]
[EventDate "2021.01.21"]
[WhiteTeam "Leeds Juniors 3"]
[BlackTeam "St. Laurence's BNS 2"]

1. e4 e5 2. Nf3 Nc6 3. Bc4 Nf6 4. Ng5 d5 5. exd5 Na5 6. d3 Nxc4 7. dxc4 g6 8.
Nf3 Bg7 9. Nxe5 Bg4 10. Nxg4 Qe7+ 11. Ne3 Ng4 12. Qxg4 O-O 13. Nc3 Rad8 14. O-O
b6 15. Bd2 a5 16. Rae1 Rde8 17. f3 Bxc3 18. Bxc3 Qc5 19. Bd4 Qxc4 20. Nxc4 Rd8
21. Qe4 f6 22. Qe6+ Kg7 23. Qe7+ Kh8 24. Bxf6+ Kg8 25. Qg7# 1-0

[Event "Junior Online 4NCL Division 5"]
[Site "online"]
[Date "2021.01.21"]
[Round "1.10"]
[White "Friel, Daniel"]
[Black "Birolo, Enzo Bez"]
[Result "1-0"]
[WhiteElo "700"]
[BlackElo "987"]
[PlyCount "93"]
[EventDate "2021.01.21"]
[WhiteTeam "St. Laurence's BNS 2"]
[BlackTeam "Leeds Juniors 3"]

1. e4 c6 2. d4 d5 3. f3 Nf6 4. Bd3 dxe4 5. Bxe4 Nxe4 6. fxe4 e5 7. Nf3 exd4 8.
Nxd4 Bc5 9. Be3 Bxd4 10. Bxd4 O-O 11. O-O b6 12. Qd3 c5 13. Rf3 cxd4 14. Rg3
Qd6 15. c3 Nc6 16. Nd2 a5 17. Nf3 Ba6 18. Qd2 Rad8 19. Qg5 g6 20. cxd4 Nxd4 21.
Nxd4 Qxd4+ 22. Re3 Qxb2 23. Rf1 Bxf1 24. Kxf1 Rd1+ 25. Re1 Qb5+ 26. Qxb5 Rxe1+
27. Kxe1 Kg7 28. Qxb6 Re8 29. Qc6 Rd8 30. e5 Rd4 31. e6 fxe6 32. Qxe6 Kh6 33.
Qh3+ Kg7 34. Qc3 Kh6 35. Qxd4 g5 36. Qb6+ Kh5 37. Qxa5 h6 38. Qd2 Kh4 39. Qf2+
Kh5 40. a4 g4 41. a5 Kg5 42. a6 h5 43. a7 h4 44. a8=Q h3 45. gxh3 gxh3 46. Qd5+
Kg4 47. Qfd4# 1-0

[Event "Junior Online 4NCL Division 5"]
[Site "online"]
[Date "2021.01.21"]
[Round "1.11"]
[White "Bharathidasan Vidhya, Shravan"]
[Black "Tully, Eoin"]
[Result "1-0"]
[WhiteElo "962"]
[BlackElo "700"]
[PlyCount "95"]
[EventDate "2021.01.21"]
[WhiteTeam "Leeds Juniors 3"]
[BlackTeam "St. Laurence's BNS 2"]

1. d4 d5 2. Bf4 Bf5 3. Nf3 Nf6 4. e3 e6 5. Bd3 Bxd3 6. Qxd3 Bb4+ 7. Nc3 Bxc3+
8. Qxc3 Ne4 9. Qxc7 Qxc7 10. Bxc7 f5 11. O-O g6 12. Be5 Rg8 13. Rfd1 Nc6 14.
Nd2 Nxd2 15. Rxd2 Nxe5 16. dxe5 Rc8 17. Rc1 Rf8 18. Rd3 Rg8 19. Rb3 b6 20. c3
a5 21. Rxb6 Rg7 22. Ra6 Re7 23. Rxa5 h5 24. h3 g5 25. b4 g4 26. h4 Kf7 27. b5
Rb8 28. Rb1 Kg6 29. b6 Kh6 30. Ra7 Rxa7 31. bxa7 Rxb1+ 32. Kh2 Rb2 33. a8=Q Rb6
34. Qf8+ Kg6 35. a4 Rb7 36. a5 f4 37. exf4 Rf7 38. Qg8+ Rg7 39. Qxe6+ Kh7 40.
a6 g3+ 41. fxg3 Kh8 42. Qh6+ Rh7 43. Qxh7+ Kxh7 44. a7 Kh6 45. a8=Q Kg6 46.
Qxd5 Kf5 47. c4 Kg4 48. Qe6# 1-0

[Event "Junior Online 4NCL Division 5"]
[Site "online"]
[Date "2021.01.21"]
[Round "1.12"]
[White "O/^Brien, Robbie"]
[Black "Braunstein, Yael"]
[Result "0-1"]
[WhiteElo "696"]
[BlackElo "800"]
[PlyCount "40"]
[EventDate "2021.01.21"]
[WhiteTeam "St. Laurence's BNS 2"]
[BlackTeam "Leeds Juniors 3"]

1. e4 c6 2. Nf3 d5 3. exd5 cxd5 4. Nc3 Nf6 5. d4 Nc6 6. Bf4 Bg4 7. Be2 e6 8. h3
Bf5 9. O-O Rc8 10. Bb5 Bd6 11. Bxc6+ Rxc6 12. a3 Bxf4 13. Nb5 a6 14. Na7 Rxc2
15. Ne5 O-O 16. Nd3 Rd2 17. Qb3 Rxd3 18. Qxb7 Qd6 19. Nc8 Bh2+ 20. Kh1 Qf4 0-1

[Event "Junior Online 4NCL Division 5"]
[Site "online"]
[Date "2021.01.21"]
[Round "1.15"]
[White "Papneja, Vedant"]
[Black "Han, Qixiang"]
[Result "1-0"]
[WhiteElo "1410"]
[BlackElo "1023"]
[PlyCount "131"]
[EventDate "2021.01.21"]
[WhiteTeam "Chess Challengers F"]
[BlackTeam "JHJ Shark Tank 8"]

1. d4 d5 2. Bf4 Nc6 3. e3 a6 4. Nf3 Bf5 5. c3 Nf6 6. Bd3 Bxd3 7. Qxd3 Na7 8.
Nbd2 Nc6 9. O-O e6 10. Ne5 Nxe5 11. Bxe5 Bd6 12. Bg3 O-O 13. b4 Qd7 14. Bh4 Be7
15. Nf3 h6 16. Ne5 Qd6 17. a3 Nd7 18. Bxe7 Qxe7 19. Nxd7 Qxd7 20. Rfe1 b6 21.
e4 dxe4 22. Rxe4 Rfe8 23. Qe3 Rab8 24. h3 h5 25. Qf3 Qd5 26. Re3 Qxf3 27. Rxf3
c6 28. Re3 a5 29. Re5 axb4 30. axb4 g6 31. Rb1 Kg7 32. b5 cxb5 33. Rexb5 Rbc8
34. R1b3 Rb8 35. Rxb6 Rxb6 36. Rxb6 Kh6 37. f4 f5 38. Kf2 g5 39. fxg5+ Kxg5 40.
Kf3 e5 41. dxe5 Rxe5 42. c4 f4 43. Rb5 Rf5 44. Rxf5+ Kxf5 45. c5 Ke6 46. Kxf4
Kd5 47. Kg5 Kxc5 48. Kxh5 Kd6 49. g4 Ke7 50. g5 Kf7 51. Kh6 Kg8 52. Kg6 Kh8 53.
Kf7 Kh7 54. g6+ Kh6 55. g7 Kh5 56. g8=Q Kh4 57. Qa8 Kxh3 58. Qg8 Kh4 59. Qg6
Kh3 60. Qg5 Kh2 61. Qg4 Kh1 62. Kf6 Kh2 63. Kf5 Kh1 64. Kf4 Kh2 65. Kf3 Kh1 66.
Qg2# 1-0

[Event "Junior Online 4NCL Division 5"]
[Site "online"]
[Date "2021.01.21"]
[Round "1.16"]
[White "Pipalia, Ayush"]
[Black "Mukherjee, Abhijay"]
[Result "1-0"]
[WhiteElo "1022"]
[BlackElo "1401"]
[PlyCount "75"]
[EventDate "2021.01.21"]
[WhiteTeam "JHJ Shark Tank 8"]
[BlackTeam "Chess Challengers F"]

1. d4 Nf6 2. c4 d5 3. e3 c6 4. Nc3 Nbd7 5. Nf3 b5 6. Bd3 a6 7. b3 c5 8. dxc5
Nxc5 9. b4 Nxd3+ 10. Qxd3 g6 11. cxb5 d4 12. exd4 axb5 13. Qxb5+ Bd7 14. Qe2
Bg7 15. Ne5 Bf5 16. O-O O-O 17. Bd2 Qxd4 18. Nc6 Bd3 19. Nxd4 Bxe2 20. Ncxe2
Ne4 21. Rfd1 Rad8 22. Be3 Nd6 23. h3 Nc4 24. Nc6 Rc8 25. Nxe7+ Kh8 26. Nxc8
Bxa1 27. Rxa1 Rxc8 28. Rc1 Rc6 29. Nd4 Rc7 30. Bd2 Ra7 31. Bc3 Rxa2 32. b5 Ra8
33. Re1 Na3 34. b6 Nc4 35. b7 Rb8 36. g3 Kg8 37. Nc6 Rxb7 38. Re8# 1-0